000 00614nam a2200181Ia 4500
008 090123s9999 xx 000 0 und d
082 _b36705
100 _aटोळ दत्ता श्री
245 _aमुलांसाठी हितोपदेश
250 _a0
260 _bकेमकर प्रकाशन
300 _a23
600 _aटोळ दत्ता श्री
630 _aमुलांसाठी हितोपदेश
700 _aटोळ दत्ता श्री
730 _aमुलांसाठी हितोपदेश
942 _cBOOK
999 _c74773
_d74773